| 000 | 00682nam a2200229 i 4500 | ||
|---|---|---|---|
| 001 | 102423 | ||
| 003 | ES-MaACL | ||
| 005 | 20250904081646.0 | ||
| 007 | t| | ||
| 008 | 051110s1968 sp |||| | spa d | ||
| 080 | _a327(47:51) | ||
| 100 | 1 |
_aMeray, Tibor. _980406 |
|
| 245 | 1 | 3 |
_aLa ruptura Moscú-Pekin / _cTibor Meray; [versión española de Fernando de Castro]. |
| 250 | _a1ª ed. | ||
| 260 |
_aBarcelona : _bLuis de Caralt, _c1968. |
||
| 300 |
_a334 p. ; _c22 cm. |
||
| 651 | 4 |
_aURSS- _xRelaciones- _zChina. _99485 |
|
| 651 | 4 |
_aChina- _xRelaciones- _yURSS. _98061 |
|
| 700 | 1 |
_aCastro Polinio, Fernando _9150502 |
|
| 852 |
_aES-MaACL _jF-6248 |
||
| 999 |
_c102423 _d102423 |
||